Biblioteca

Biblia y Palabra de Dios (Registro nro. 31651)

Detalles MARC
000 -LÍDER
Campo fijo de descripción fija 008970000a22002650004500
001 - NÚMERO DE CONTROL
Campo de control 100
003 - IDENTIFICADOR DEL NÚMERO DE CONTROL
Campo de control CO-MdFUSB
005 - FECHA Y HORA DE LA ULTIMA TRANSACCIÓN
control field 20160528124058.0
008 - ELEMENTOS DE LONGITUD FIJA -- INFORMACIÓN GENERAL
Campo fijo de descripción fija -- Información general 160528t1995 SP f |||| 00| 0 SPA d
020 ## - NÚMERO INTERNACIONAL NORMALIZADO PARA LIBROS
Número Internacional Normalizado del libro 84-7151-608-X
040 ## - FUENTE DE CATALOGACIÓN
Agencia de catalogación original CO-MdFUSB
Idioma de catalogación Español
Agencia que realiza la transcripción CO-MdFUSB
Agencia que realiza la modificación CO-MdFUSB
041 0# - CÓDIGO DE IDIOMA
Código de idioma para texto/pista de sonido o título separado spa
082 04 - NÚMERO DE CLASIFICACIÓN DECIMAL DEWEY
Número de clasificación R 220.61 A7921b
100 1# - ASIENTO PRINCIPAL--NOMBRE PERSONAL
Nombre personal Artola, Antonio M.
245 00 - TÍTULO
Título del Material Biblia y Palabra de Dios
Mención de responsabilidad, etc. / Antonio M. Artola, José Manuel Sánchez Caro
250 ## - MENCIÓN DE EDICIÓN
Mención de edición 4
264 ## - PRODUCCIÓN, PUBLICACIÓN, DISTRIBUCIÓN, MANUFACTURA, Y COPYRIGHT
Lugar de producción, publicación, distribución, manufactura Navarra, España
Nombre del productor, publicador, distribuidor : Verbo Divino,
Fecha de producción, publicación, distribución, manufactura, o copyright 1995
300 ## - DESCRIPCIÓN FÍSICA
Extensión 450 Pag.
336 ## - TIPO DE CONTENIDO
Fuente rdacontent
Término de tipo de contenido
Código de tipo de contenido
337 ## - TIPO DE MEDIO
Fuente rdamedia
Nombre del tipo de medio
Código del tipo de medio
338 ## - TIPO DE SOPORTE
Fuente rdacarrier
Nombre del tipo de soporte
Código Tipo de soporte
505 ## - NOTA DE CONTENIDO
Nota de contenido con formato preestablecido 1. La Biblia, palabra de Dios 2. El Canon de la biblia 3. La inspiración bíblica 4. Hermenéutica bíblica y metodología exegética
653 ## - TÉRMINO DE INDIZACIÓN - NO CONTROLADO
Término no controlado BIBLIA - CANON
-- \ REVELACION EN LA BIBLIA
-- \ HERMENEUTICA BIBLICA
942 ## - TIPO DE MATERIAL (KOHA)
Tipo de Item KOHA Libros General
Existencias
Estado de Material Estado de Perdido Forma de Clasificación Estado de Dañado No para Préstamo Colección Tomo Biblioteca de Origen Biblioteca Permanente Fecha de Adquisición Total de Préstamos Signatura Topográfica Código de Barras Última vez visto Ejemplar/Existencia Fecha de Remplazo Tipo de Material
    Dewey Decimal Classification     Colección de Referencia   Biblioteca FUSBC Biblioteca FUSBC 25/08/2004   R 220.61 A7921b 7966 12/12/2019 Vol. 2, ej. 1 26/01/2016 Libros de Referencia
    Dewey Decimal Classification     Colección de Referencia   Biblioteca FUSBC Biblioteca FUSBC 25/08/2004   R 220.61 A7921b 7967 12/12/2019 Vol. 2, ej. 2 26/01/2016 Libros de Referencia

Biblioteca FUSBC | Teléfono: (57+4) 349 88 10 Ext. 141| WhatsApp (+57) 3005338115 
E-mail: biblioteca@unisbc.edu.co | Calle 76 87-14 Robledo Palenque, Medellín, Colombia

Con tecnología Koha